000 00943nam a22003137a 4500
001 0005235
003 KOHA_MİRAKIL
005 20260207001437.0
007 ta
008 090610b2006 tu |||gr||||#||||0|tur |
020 _a9756463678
040 _aTR-BiSEU
_btur
_cTR-BiSEU
_erda
041 0 _atur
044 _ctu
050 _aHB3711
_b.U44 2006
100 1 _aÜlgener, Sabri F..
245 1 _aTarihte darlık buhranları ve iktisadî muvazenesizlik meselesi/
_cSabri F. Ülgener ; Sabri F. Ülgener.
264 1 _aİstanbul :
_bDerin Yayınları
_c2006
300 _a124 sayfa; 21 cm.
336 _ametin
_btxt
_2rdacontent
337 _aaracısız
_bn
_2rdamedia
338 _acilt
_bnc
_2rdacarrier
490 1 _aDerin yayınları ;
_v75.
490 1 _a Toplu eserler ;
_v1.
650 0 _aBusiness cycles.
_96157
830 1 _aDerin yayınları ;
_v75.
_912560
830 1 _a Toplu eserler ;
_v1.
_912561
942 _2lcc
_cBK
999 _c5217
_d5217